LEADER 01393nam 2200445 450 001 9910466884903321 005 20200520144314.0 010 $a1-119-53520-4 010 $a1-119-53519-0 035 $a(CKB)4100000006671163 035 $a(MiAaPQ)EBC5514493 035 $a(Au-PeEL)EBL5514493 035 $a(OCoLC)1053985842 035 $a(EXLCZ)994100000006671163 100 $a20181001d2019 uy 0 101 0 $aeng 135 $aurcnu|||||||| 181 $ctxt$2rdacontent 182 $cc$2rdamedia 183 $acr$2rdacarrier 200 00$aCounselor education in the 21st century $eissues and experiences /$fedited by Jane E. Atieno Okech, Deborah J Rubel 210 1$aAlexandria, Virginia :$cAmerican Counseling Association,$d2019. 215 $a1 online resource (290 pages) 311 $a1-55620-376-4 320 $aIncludes bibliographical references and index. 606 $aCounselors$xTraining of 606 $aCounseling$xStudy and teaching 608 $aElectronic books. 615 0$aCounselors$xTraining of. 615 0$aCounseling$xStudy and teaching. 676 $a158.3071 702 $aOkech$b Jane E. Atieno 702 $aRubel$b Deborah J. 801 0$bMiAaPQ 801 1$bMiAaPQ 801 2$bMiAaPQ 906 $aBOOK 912 $a9910466884903321 996 $aCounselor education in the 21st century$92041926 997 $aUNINA LEADER 01522nas 2200517-a 450 001 996206258603316 005 20240112213020.0 035 $a(DE-599)ZDB2178751-7 035 $a(OCoLC)43890630 035 $a(CKB)111056649605292 035 $a(CONSER)---00252404- 035 $a(EXLCZ)99111056649605292 100 $a20000419a19999999 s-- a 101 0 $aeng 135 $aurc|||||||||| 181 $ctxt$2rdacontent 182 $cc$2rdamedia 183 $acr$2rdacarrier 200 00$aHaptics-e $ethe electronic journal of haptics research 210 $a[United States] $c[publisher not identified]$d1999- 300 $aTitle from journal home page (viewed Apr. 19, 2000). 311 $a1545-1143 531 0 $aHaptics-e 606 $aTouch 606 $aHuman-computer interaction 606 $aUser-Computer Interface 606 $aRobotics 606 $aHuman Engineering 606 $aSoftware Design 606 $aHuman-computer interaction$2fast$3(OCoLC)fst00963494 606 $aTouch$2fast$3(OCoLC)fst01153089 608 $aPeriodicals. 615 0$aTouch. 615 0$aHuman-computer interaction. 615 12$aUser-Computer Interface. 615 22$aRobotics. 615 22$aHuman Engineering. 615 22$aSoftware Design. 615 7$aHuman-computer interaction. 615 7$aTouch. 676 $a004.01 712 02$aIEEE Robotics and Automation Society. 906 $aJOURNAL 912 $a996206258603316 996 $aHaptics-e$92147533 997 $aUNISA